[Event "Tournament 14472 - Europe Echecs"]
[Site "Europe Echecs"]
[Date "2020.07.10"]
[Round "8"]
[Time "17:48:16"]
[PlyCount "132"]
[White "SureauCorentin"]
[Black "RobertYoann"]
[WhiteElo "1686"]
[BlackElo "2071"]
[Mode "WEB"]
[Result "1-0"]

1. e4 g6 2. d4 Bg7 3. Nc3 c6 4. Be3 d5 5. f3 Nf6 6. Qd2 O-O 7. e5 Ne8 8. h4 f6
9. f4 Nc7 10. h5 f5 11. Qf2 Ne6 12. Nf3 b5 13. Qg3 b4 14. Na4 Nd7 15. Ng5 Nxg5
16. fxg5 Qa5 17. b3 Nb6 18. Nc5 e6 19. Bd2 Qa3 20. Nd3 Qa6 21. Bxb4 Qb7 22. Bxf8
Kxf8 23. hxg6 hxg6 24. Nc5 Qe7 25. O-O-O Nd7 26. Qc3 Qxg5+ 27. Kb2 Qe7 28. Rd3
Kf7 29. Rdh3 Nxc5 30. dxc5 Bd7 31. Rh7 Rg8 32. R1h6 Qg5 33. Rh3 Ke8 34. Qb4
Bxe5+ 35. Ka3 Qc1+ 36. Ka4 Qxc2 37. a3 Qe4 38. Bd3 Qxb4+ 39. Kxb4 g5 40. Ka5 g4
41. Re3 Bd4 42. Re2 Bxc5 43. Bxf5 Bb6+ 44. Kb4 c5+ 45. Kc3 d4+ 46. Kb2 Rf8 47.
Bxe6 Bxe6 48. Rxe6+ Kd8 49. Re2 Kc8 50. Kc2 Kb8 51. Kd3 Bc7 52. Ree7 Bb6 53. Re2
Bc7 54. Rg7 g3 55. Ree7 Rc8 56. Kc4 a5 57. Rd7 Kb7 58. Kb5 Kb8 59. Rgf7 Kb7 60.
Rh7 Kb8 61. Kc6 Bf4+ 62. Kb6 Re8 63. Rb7+ Ka8 64. Ra7+ Kb8 65. Rhb7+ Kc8 66.
Ra8+ {RobertYoann a abandonné} 1-0

[Event "Tournament 14472 - Europe Echecs"]
[Site "Europe Echecs"]
[Date "2020.07.10"]
[Round "8"]
[Time "17:48:16"]
[PlyCount "75"]
[White "TuillierValent"]
[Black "CuttoliAlexand"]
[WhiteElo "1607"]
[BlackElo "2044"]
[Mode "WEB"]
[Result "0-1"]

1. e4 e5 2. Nf3 Nc6 3. d4 exd4 4. Bc4 Nf6 5. e5 d5 6. Bb5 Ne4 7. Nxd4 Bd7 8.
Bxc6 Bxc6 9. Nxc6 bxc6 10. O-O Be7 11. f3 Nc5 12. Be3 O-O 13. f4 f6 14. Bd4 Ne6
15. exf6 Bxf6 16. Bxf6 Qxf6 17. Nc3 Nxf4 18. Qg4 h5 19. Qf3 Rae8 20. Rad1 Qg6
21. Kh1 Qxc2 22. Rf2 Qg6 23. Rff1 Ne6 24. Qe2 Rxf1+ 25. Rxf1 d4 26. Nd1 d3 27.
Qd2 Nc5 28. Nf2 Re2 29. Qc3 Qf5 30. Qc4+ Kh8 31. Qd4 d2 32. Kg1 Ne4 33. Qd8+ Kh7
34. Nxe4 Qxe4 35. Qg5 Qe3+ 36. Qxe3 Rxe3 37. Rd1 Re1+ {TuillierValent a abandonné} 0-1

[Event "Tournament 14472 - Europe Echecs"]
[Site "Europe Echecs"]
[Date "2020.07.10"]
[Round "8"]
[Time "17:48:16"]
[PlyCount "132"]
[White "ArhanTanguy"]
[Black "DosSantosLilia"]
[WhiteElo "2016"]
[BlackElo "1527"]
[Mode "WEB"]
[Result "1-0"]

1. e4 e6 2. d4 d5 3. Nd2 c5 4. exd5 Qxd5 5. Ngf3 cxd4 6. Bc4 Qd8 7. O-O Nf6 8.
Nb3 Be7 9. Nbxd4 Bd7 10. c3 Nc6 11. Re1 O-O 12. Bd3 Rc8 13. Nxc6 Bxc6 14. Ne5
Qd5 15. Nxc6 Rxc6 16. Qc2 Rd8 17. Rd1 Qh5 18. Bf4 e5 19. Bg3 Rcd6 20. Be2 Rxd1+
21. Rxd1 Rxd1+ 22. Bxd1 Qg5 23. h4 Qh6 24. Qa4 Qd2 25. Qc2 Qe1+ 26. Kh2 Ne4 27.
Bf3 Nxg3 28. fxg3 g6 29. Bxb7 Bxh4 30. Qd3 Bf6 31. Bf3 h5 32. Qe2 Qxe2 33. Bxe2
Kf8 34. Bf3 h4 35. gxh4 Bxh4 36. Kg1 Be7 37. Kf1 f5 38. Bd5 g5 39. Ke2 Ke8 40.
g4 fxg4 41. Kf2 Kd7 42. Kg3 Kd6 43. Be4 a5 44. b3 Ke6 45. Kxg4 Bf6 46. a3 Be7
47. b4 axb4 48. axb4 Bf6 49. c4 Be7 50. c5 Kd7 51. Kf5 Kc7 52. Kxe5 Bd8 53. Ke6
g4 54. Bd5 g3 55. Bg2 Bg5 56. b5 Be3 57. b6+ Kc8 58. Kd6 Bf2 59. Bh3+ Kb8 60.
Kc6 Bg1 61. Bg2 Bf2 62. Kb5 Be3 63. c6 Kc8 64. c7 Bf2 65. Bh3+ Kb7 66. c8=Q# {DosSantosLilia est échec et mat} 1-0

[Event "Tournament 14472 - Europe Echecs"]
[Site "Europe Echecs"]
[Date "2020.07.10"]
[Round "8"]
[Time "17:48:16"]
[PlyCount "87"]
[White "DelmasRaphael"]
[Black "ValleeLouis"]
[WhiteElo "1325"]
[BlackElo "1864"]
[Mode "WEB"]
[Result "1/2-1/2"]

1. e4 e5 2. Nf3 Nc6 3. d4 exd4 4. Nxd4 Nf6 5. Nxc6 bxc6 6. Bd3 d5 7. exd5 cxd5
8. O-O Be7 9. Bf4 O-O 10. Re1 Bg4 11. Qd2 Bd6 12. Bxd6 Qxd6 13. Nc3 Rab8 14. h3
Bh5 15. Rab1 Rfe8 16. Rxe8+ Rxe8 17. Re1 Qb4 18. Rxe8+ Nxe8 19. Qe3 Nf6 20. Qxa7
g5 21. Qxc7 Qxb2 22. Qd8+ Kg7 23. Nxd5 Qa1+ 24. Kh2 Qe5+ 25. f4 Qxd5 26. Qxd5
Nxd5 27. fxg5 Nb4 28. a4 Nxd3 29. cxd3 Be2 30. d4 Kg6 31. h4 Kf5 32. Kg3 Ke4 33.
d5 Kxd5 34. Kf4 Bd3 35. a5 Bf1 36. Kf5 Bxg2 37. Kf6 Ke4 38. Kxf7 Kf4 39. Kg7 Be4
40. a6 Kg4 41. a7 Kxh4 42. a8=Q Bxa8 43. Kxh7 Kxg5 {Aucun joueur n'a le mat&eacute;riel pour mater} 1/2-1/2

[Event "Tournament 14472 - Europe Echecs"]
[Site "Europe Echecs"]
[Date "2020.07.10"]
[Round "8"]
[Time "17:48:16"]
[PlyCount "73"]
[White "KuhnMathilde"]
[Black "CourcelleVicto"]
[WhiteElo "1764"]
[BlackElo "1314"]
[Mode "WEB"]
[Result "1-0"]

1. d4 Nf6 2. Nf3 g6 3. g3 Bg7 4. Bg2 O-O 5. O-O d6 6. c4 Bd7 7. Nc3 Qc8 8. e4 e5
9. dxe5 dxe5 10. Nxe5 Nxe4 11. Nxg6 Nxc3 12. Ne7+ Kh8 13. bxc3 Qe8 14. Re1 Be6
15. Nd5 Qd7 16. Ba3 Re8 17. Qh5 c6 18. Be4 h6 19. Nf6 Qd2 20. Nxe8 Bxc3 21.
Qxh6+ Qxh6 22. Nc7 Bxa1 23. Rxa1 Na6 24. Nxa8 Qf6 25. Rb1 Qd8 26. Rxb7 Qxa8 27.
Bxc6 Bc8 28. Rb6 Bb7 29. Bxb7 Qd8 30. Rxa6 Qc7 31. Bd5 Qd7 32. Bc5 Qc8 33. Bd4+
Kg8 34. Rxa7 Qg4 35. Bxf7+ Kf8 36. Bc5+ Kg7 {CourcelleVicto a abandonné} 1-0

[Event "Tournament 14472 - Europe Echecs"]
[Site "Europe Echecs"]
[Date "2020.07.10"]
[Round "8"]
[Time "17:48:16"]
[PlyCount "91"]
[White "ClemenconEllio"]
[Black "AdrianLeopold"]
[WhiteElo "1324"]
[BlackElo "2061"]
[Mode "WEB"]
[Result "0-1"]

1. d4 Nf6 2. Bg5 Ne4 3. Bh4 d5 4. e3 c5 5. dxc5 Nxc5 6. c4 Be6 7. cxd5 Qxd5 8.
Nc3 Qxd1+ 9. Rxd1 g6 10. Nb5 Nba6 11. b3 Bg7 12. Nd4 Bd7 13. Ngf3 e5 14. Nc2 O-O
15. Bc4 Bg4 16. Ke2 e4 17. h3 exf3+ 18. gxf3 Be6 19. Bxe6 Nxe6 20. b4 Rac8 21.
Rd2 Bc3 22. Rd7 Rc7 23. Rxc7 Nexc7 24. a3 f6 25. Rd1 Ne6 26. Rd3 Rc8 27. Bg3 Be5
28. Kd2 Bxg3 29. fxg3 Rd8 30. Rxd8+ Nxd8 31. Nd4 Nc7 32. Kc3 Kf7 33. Kc4 Ke7 34.
f4 Nde6 35. Nf3 b5+ 36. Kd3 Ne8 37. Ne1 Nd6 38. Nc2 f5 39. g4 Nc4 40. Kc3 Kd6
41. Kb3 Kd5 42. a4 a6 43. Kc3 Ke4 44. axb5 axb5 45. g5 Nxe3 {ClemenconEllio a abandonné} 0-1

[Event "Tournament 14472 - Europe Echecs"]
[Site "Europe Echecs"]
[Date "2020.07.10"]
[Round "8"]
[Time "17:48:16"]
[PlyCount "46"]
[White "HasslerTim"]
[Black "GalhaudVictor"]
[WhiteElo "1933"]
[BlackElo "1446"]
[Mode "WEB"]
[Result "1-0"]

1. e4 Nc6 2. d4 d5 3. e5 Bf5 4. f4 e6 5. h3 Qh4+ 6. Ke2 O-O-O 7. Nf3 Qg3 8. Be3
Be4 9. Qd2 Qg6 10. Na3 Bxa3 11. bxa3 Bxc2 12. Rc1 Ba4 13. Kf2 Nge7 14. Bd3 f5
15. Rc5 Kb8 16. Rb1 Nc8 17. Qb2 Nb6 18. Bb5 Bxb5 19. Qxb5 Qf7 20. a4 a6 21. Qb3
Nxd4 22. Bxd4 c6 23. Qxb6 {GalhaudVictor a abandonné} 1-0

[Event "Tournament 14472 - Europe Echecs"]
[Site "Europe Echecs"]
[Date "2020.07.10"]
[Round "8"]
[Time "17:48:16"]
[PlyCount "97"]
[White "DevizaAndrei"]
[Black "LordierSophia"]
[WhiteElo "1379"]
[BlackElo "1776"]
[Mode "WEB"]
[Result "0-1"]

1. e4 c5 2. Nf3 e6 3. d4 cxd4 4. Nxd4 Nf6 5. Nc3 d6 6. Bc4 a6 7. O-O b5 8. Bb3
Bb7 9. a4 b4 10. Na2 Nxe4 11. Nxb4 d5 12. Nd3 Bd6 13. Nf3 O-O 14. Bf4 Bxf4 15.
Nxf4 Qf6 16. Nxd5 exd5 17. Bxd5 Nc5 18. b4 Rd8 19. bxc5 Bxd5 20. Ne1 Bxg2 21.
Kxg2 Rxd1 22. Rxd1 Nc6 23. Nf3 Ne5 24. Nxe5 Qxe5 25. Rd3 Qxc5 26. Rfd1 g6 27.
R1d2 Qc6+ 28. f3 Qxa4 29. Rd4 Qc6 30. Rd6 Qc3 31. R6d3 Qf6 32. Rd6 Qg5+ 33. Kf2
a5 34. Rd1 a4 35. Ra1 Qc5+ 36. Kg2 Qxd6 37. f4 Qd2+ 38. Kh3 Qxc2 39. f5 Qc3+ 40.
Kg4 Qxa1 41. fxg6 hxg6 42. h4 a3 43. h5 a2 44. hxg6 Qd4+ 45. Kf3 a1=Q 46. gxf7+
Kxf7 47. Kg2 Ra2+ 48. Kf3 Qac3# {DevizaAndrei est échec et mat} 0-1

[Event "Tournament 14472 - Europe Echecs"]
[Site "Europe Echecs"]
[Date "2020.07.10"]
[Round "8"]
[Time "17:48:16"]
[PlyCount "145"]
[White "StajkovskiStef"]
[Black "FloresVictor"]
[WhiteElo "1428"]
[BlackElo "1741"]
[Mode "WEB"]
[Result "0-1"]

1. d4 Nf6 2. Bg5 g6 3. Bxf6 exf6 4. c4 Bg7 5. Nc3 O-O 6. g3 Re8 7. Bg2 Nc6 8. e3
Ne7 9. Nge2 d5 10. Nxd5 Nxd5 11. Bxd5 c6 12. Bg2 Qa5+ 13. Qd2 Qb6 14. O-O Be6
15. Rfc1 Rad8 16. c5 Qb5 17. Nf4 Bc4 18. b3 Be6 19. Nxe6 fxe6 20. Qc3 e5 21.
dxe5 Rxe5 22. b4 f5 23. Rd1 Red5 24. Bxd5+ Rxd5 25. Qb3 Bxa1 26. Rxa1 Qd3 27.
Qxd3 Rxd3 28. Kf1 Ra3 29. Ke2 a5 30. bxa5 Rxa5 31. Rb1 Rxa2+ 32. Kf3 Ra7 33. Kf4
Kf7 34. Ke5 Ke7 35. Rb2 Kd7 36. h4 Kc8 37. h5 Ra5 38. Rc2 b6 39. Kd6 Kb7 40.
cxb6 Rd5+ 41. Ke6 gxh5 42. Rb2 Rb5 43. Rd2 Kxb6 44. Rd7 h6 45. Rh7 c5 46. Kd5
Rb2 47. Rxh6+ Kb5 48. Rh8 Rd2+ 49. Ke5 Rxf2 50. Rb8+ Kc4 51. e4 fxe4 52. Kxe4
Re2+ 53. Kf3 Re5 54. Kf4 Rd5 55. Rb7 Kd3 56. Rb3+ Kc2 57. Re3 c4 58. Re2+ Rd2
59. Re4 c3 60. Kg5 Kd1 61. Kxh5 c2 62. Rc4 Rh2+ 63. Kg5 c1=Q+ 64. Rxc1+ Kxc1 65.
g4 Kd2 66. Kf4 Kd3 67. g5 Kd4 68. g6 Kd5 69. Kf5 Rf2+ 70. Kg5 Ke6 71. Kh6 Kf6
72. g7 Rh2# {StajkovskiStef est échec et mat} 0-1

[Event "Tournament 14472 - Europe Echecs"]
[Site "Europe Echecs"]
[Date "2020.07.10"]
[Round "8"]
[Time "17:48:16"]
[PlyCount "160"]
[White "PiquardYarosla"]
[Black "VerhilleGabin"]
[WhiteElo "1415"]
[BlackElo "1660"]
[Mode "WEB"]
[Result "1/2-1/2"]

1. e4 c5 2. b3 Nc6 3. Bb2 d6 4. Bb5 Nf6 5. d3 g6 6. Nf3 Bg7 7. Nbd2 O-O 8. O-O
a6 9. Bxc6 bxc6 10. Re1 d5 11. e5 Nd7 12. c3 Qc7 13. d4 cxd4 14. cxd4 c5 15. Rc1
Qb6 16. dxc5 Nxc5 17. Nf1 Bf5 18. Ne3 Nd3 19. Nxf5 gxf5 20. Qxd3 e6 21. Bd4 Qb7
22. g4 fxg4 23. Ng5 f5 24. Nxe6 Rf7 25. Rc5 Bh6 26. Be3 Bxe3 27. Qxe3 Qe7 28.
Qg5+ Qxg5 29. Nxg5 Re7 30. e6 h6 31. Nf7 Rae8 32. Nd6 Rxe6 33. Rxe6 Rxe6 34.
Nxf5 Re1+ 35. Kg2 h5 36. Rxd5 Kf7 37. Ne3 Ke6 38. Rxh5 Re2 39. a3 Rb2 40. b4 g3
41. hxg3 Kd6 42. Ra5 Kc7 43. Rxa6 Kb7 44. Ra5 Rd2 45. Nc4 Rd4 46. Rc5 Ka7 47. a4
Rd8 48. b5 Kb8 49. a5 Kb7 50. a6+ Kb8 51. b6 Rg8 52. Nd6 Rd8 53. a7+ Ka8 54. Nb5
Rg8 55. Rc7 Rxg3+ 56. Kf1 Rg1+ 57. Ke2 Re1+ 58. Kd3 Re3+ 59. Kc4 Rc3+ 60. Kd5
Rd3+ 61. Kc6 Rd6+ 62. Kc5 Rd5+ 63. Kc4 Rd4+ 64. Kb3 Rb4+ 65. Kc3 Rb3+ 66. Kd4
Rd3+ 67. Ke5 Rd5+ 68. Ke6 Rd6+ 69. Ke7 Re6+ 70. Kd8 Re8+ 71. Kd7 Re7+ 72. Kc6
Re6+ 73. Kc5 Re5+ 74. Kb4 Rxb5+ 75. Ka4 Rb4+ 76. Ka5 Rb5+ 77. Ka4 Rb4+ 78. Ka5
Rb5+ 79. Ka6 Ra5+ 80. Kxa5 {Nulle par pat} 1/2-1/2

[Event "Tournament 14472 - Europe Echecs"]
[Site "Europe Echecs"]
[Date "2020.07.10"]
[Round "8"]
[Time "17:48:16"]
[PlyCount "85"]
[White "AtliCeline"]
[Black "JaulinVincent"]
[WhiteElo "1640"]
[BlackElo "1438"]
[Mode "WEB"]
[Result "1-0"]

1. d4 d5 2. Nf3 e6 3. g3 c6 4. Bg2 Nf6 5. O-O Nbd7 6. c4 dxc4 7. Qc2 Qc7 8. Qxc4
Be7 9. Bf4 Bd6 10. Bd2 O-O 11. Nc3 b5 12. Qd3 a6 13. e4 Be7 14. e5 Nd5 15. Ng5
Bxg5 16. Bxg5 Nxc3 17. Qxc3 Bb7 18. Rac1 Qb6 19. Be3 Qd8 20. Be4 Rc8 21. Bc2 Re8
22. Qd3 Nf8 23. Qe4 Qc7 24. Qg4 Ng6 25. h4 Qe7 26. h5 Nf8 27. Bh6 f5 28. exf6
Qxf6 29. Bg5 Qf7 30. Be4 e5 31. Bf5 Rcd8 32. Bxd8 Rxd8 33. dxe5 Re8 34. Rfe1 Ne6
35. Bxe6 Rxe6 36. Rcd1 c5 37. Rd8+ Re8 38. Rxe8+ Qxe8 39. e6 Qc6 40. f3 Qe8 41.
e7 Bc6 42. Qe6+ Kh8 {JaulinVincent a abandonné} 1-0

[Event "Tournament 14472 - Europe Echecs"]
[Site "Europe Echecs"]
[Date "2020.07.10"]
[Round "8"]
[Time "17:48:16"]
[PlyCount "51"]
[White "BaylacAlison"]
[Black "GrimaultLeane"]
[WhiteElo "1199"]
[BlackElo "1622"]
[Mode "WEB"]
[Result "0-1"]

1. d4 d5 2. Nc3 Nf6 3. Nf3 e6 4. Bf4 c5 5. e3 Bd6 6. Bb5+ Nc6 7. O-O Bxf4 8.
Bxc6+ bxc6 9. exf4 O-O 10. dxc5 Qa5 11. Qd4 Rb8 12. a3 Rxb2 13. Rfc1 Rb8 14. Ne5
Qc7 15. Re1 Nd7 16. Ng4 h6 17. Re3 Qa5 18. Rg3 Kh7 19. Rh3 Qxc5 20. Qd3+ f5 21.
Ne5 Nxe5 22. fxe5 Qe7 23. Ne2 Rb6 24. Nf4 Ba6 25. Qg3 Qf7 {BaylacAlison a perdu au temps} 0-1

[Event "Tournament 14472 - Europe Echecs"]
[Site "Europe Echecs"]
[Date "2020.07.10"]
[Round "8"]
[Time "17:48:16"]
[PlyCount "56"]
[White "LaposteNicolas"]
[Black "EboueIhona"]
[WhiteElo "1616"]
[BlackElo "1429"]
[Mode "WEB"]
[Result "1-0"]

1. e4 d5 2. exd5 Nf6 3. Bb5+ Bd7 4. Bxd7+ Qxd7 5. Nc3 Nxd5 6. Nf3 Nc6 7. O-O e6
8. d4 Be7 9. Re1 O-O 10. Ne5 Nxe5 11. dxe5 Rad8 12. Qg4 Rfe8 13. Bh6 g6 14. Rad1
Qc6 15. Rd3 Nxc3 16. Rxc3 Qb6 17. Rf3 Bf8 18. Qf4 Re7 19. Bg5 Rde8 20. Bxe7 Rxe7
21. Rh3 Qxb2 22. g3 Qxc2 23. Qh4 h5 24. g4 Qd2 25. Rf1 Qh6 26. gxh5 gxh5 27.
Rg3+ Kh7 28. Rg5 {EboueIhona a perdu au temps} 1-0

[Event "Tournament 14472 - Europe Echecs"]
[Site "Europe Echecs"]
[Date "2020.07.10"]
[Round "8"]
[Time "17:48:16"]
[PlyCount "100"]
[White "ChardonHeremoa"]
[Black "BorissovVictor"]
[WhiteElo "1600"]
[BlackElo "1162"]
[Mode "WEB"]
[Result "1-0"]

1. e4 c5 2. Nf3 d6 3. Bc4 e6 4. Nc3 a6 5. d3 Nf6 6. Bf4 Be7 7. O-O O-O 8. h3 e5
9. Be3 Be6 10. Bb3 Bxb3 11. axb3 Nc6 12. Ne2 Nd4 13. Ng3 Nd7 14. c3 Nb5 15. Nf5
Nc7 16. Nh2 Ne6 17. Qg4 Nf6 18. Nh6+ Kh8 19. Nxf7+ Rxf7 20. Qxe6 Qf8 21. f4 exf4
22. Rxf4 Re8 23. b4 cxb4 24. Qb3 bxc3 25. bxc3 Bd8 26. Ng4 Ree7 27. Raf1 Rd7 28.
e5 dxe5 29. Nxe5 Rde7 30. Nxf7+ Rxf7 31. Bd4 Bc7 32. R4f3 Qe7 33. Qb2 Be5 34.
Bxe5 Qxe5 35. d4 Qd5 36. Rf5 Qc6 37. Qb3 Rf8 38. Rc5 Qe8 39. Qxb7 Qe3+ 40. Kh1
Qe2 41. Rcf5 Qe6 42. Qb4 Re8 43. Re5 Qd7 44. Rxe8+ Qxe8 45. Qd6 a5 46. Qa6 h6
47. Qxa5 Qe2 48. Qa8+ Kh7 49. Qf3 Qb5 50. Qf5+ {BorissovVictor a abandonné} 1-0

[Event "Tournament 14472 - Europe Echecs"]
[Site "Europe Echecs"]
[Date "2020.07.10"]
[Round "8"]
[Time "17:48:16"]
[PlyCount "138"]
[White "FondratJohan"]
[Black "TallecNolann"]
[WhiteElo "1509"]
[BlackElo "1400"]
[Mode "WEB"]
[Result "1-0"]

1. e4 d5 2. exd5 Qxd5 3. d4 Nf6 4. Nc3 Qd6 5. Nf3 Bg4 6. Be2 e6 7. O-O a6 8. h3
Bh5 9. a4 Nc6 10. Be3 O-O-O 11. Qd2 Bxf3 12. Bxf3 Nxd4 13. Bxd4 Qxd4 14. Qxd4
Rxd4 15. Rad1 Bc5 16. Rxd4 Bxd4 17. Rd1 Rd8 18. Kf1 c6 19. Rd3 e5 20. Ke2 Nh5
21. Bxh5 g6 22. Bf3 f5 23. b3 Re8 24. Kf1 c5 25. Be4 Bxc3 26. Rxc3 fxe4 27.
Rxc5+ Kd7 28. Ke2 Kd6 29. Rc4 b5 30. axb5 axb5 31. Rxe4 Rc8 32. Kd3 Kd5 33. c4+
bxc4+ 34. Rxc4 Rb8 35. b4 h6 36. Rc5+ Kd6 37. Kc4 Ra8 38. Rd5+ Ke6 39. Rd2 Rc8+
40. Kb5 Rb8+ 41. Kc4 Rc8+ 42. Kb3 Rb8 43. Ra2 Kf5 44. Rb2 g5 45. Kc4 Rc8+ 46.
Kd5 Rd8+ 47. Kc6 Rd1 48. b5 Rc1+ 49. Kd5 Rd1+ 50. Kc4 Rc1+ 51. Kd3 Rd1+ 52. Ke2
Rd7 53. b6 Rb7 54. Kd3 Ke6 55. Kc4 Kd6 56. Kb5 e4 57. Ka6 Rb8 58. Ka7 Re8 59. b7
Re7 60. Ka8 e3 61. b8=Q+ Kd5 62. Qd8+ Ke6 63. Rb6+ Kf7 64. Qd5+ Kg7 65. fxe3
Re8+ 66. Ka7 Re7+ 67. Ka6 Re8 68. Rb7+ Kf8 69. Qf7# {TallecNolann est échec et mat} 1-0

[Event "Tournament 14472 - Europe Echecs"]
[Site "Europe Echecs"]
[Date "2020.07.10"]
[Round "8"]
[Time "17:48:16"]
[PlyCount "73"]
[White "ChareyreSylvai"]
[Black "RenaudinAxelle"]
[WhiteElo "1081"]
[BlackElo "1526"]
[Mode "WEB"]
[Result "0-1"]

1. e4 c6 2. d4 d5 3. e5 Bf5 4. h4 h6 5. g4 Be4 6. f3 Bh7 7. e6 fxe6 8. Bd3 Bxd3
9. Qxd3 Qc7 10. Qg6+ Kd7 11. f4 Qa5+ 12. Bd2 Qb6 13. Nf3 c5 14. Ne5+ Kc7 15. Nf7
Qxb2 16. Bc3 Qc1+ 17. Ke2 Qxh1 18. Nxh8 Qg2+ 19. Kd1 Qf1+ 20. Be1 Qf3+ 21. Kc1
Qxf4+ 22. Bd2 Qxd4 23. c3 Qf6 24. Qh5 Qf1+ 25. Kc2 Qe2 26. Nf7 Nf6 27. Qg6 Qe4+
28. Qxe4 Nxe4 29. Bf4+ Kc8 30. Na3 Nc6 31. Nb5 Kd7 32. Kd3 Nf2+ 33. Kd2 Nxg4 34.
Rg1 Nf6 35. Kd3 a6 36. Na3 Ne4 {ChareyreSylvai a abandonné} 0-1

[Event "Tournament 14472 - Europe Echecs"]
[Site "Europe Echecs"]
[Date "2020.07.10"]
[Round "8"]
[Time "17:48:16"]
[PlyCount "134"]
[White "BriandAmaury"]
[Black "MartellierChar"]
[WhiteElo "1929"]
[BlackElo "1468"]
[Mode "WEB"]
[Result "1/2-1/2"]

1. e4 d5 2. exd5 Nf6 3. d4 Bg4 4. Bb5+ Nbd7 5. f3 Bf5 6. Nc3 a6 7. Ba4 b5 8. Bb3
Nb6 9. Nge2 Nbxd5 10. Nxd5 Nxd5 11. O-O e6 12. Ng3 Bg6 13. f4 c5 14. c3 c4 15.
Bc2 Bd6 16. f5 exf5 17. Nxf5 O-O 18. Nxd6 Qxd6 19. Bxg6 hxg6 20. Qf3 Nf6 21. Bf4
Qd5 22. Rae1 Rfe8 23. Re5 Qxf3 24. Rxf3 Rxe5 25. Bxe5 Nd5 26. Kf2 f6 27. Bf4 Kf7
28. g4 Nxf4 29. Rxf4 Re8 30. Rf3 Re4 31. h3 Ke6 32. Re3 Kd5 33. Kf3 Rxe3+ 34.
Kxe3 g5 35. Kf3 g6 36. Kg3 Ke4 37. h4 gxh4+ 38. Kxh4 f5 39. gxf5 gxf5 40. Kg3 a5
41. a3 b4 42. a4 b3 43. Kf2 Kf4 44. Ke1 Ke4 45. Ke2 Kf4 46. Kf2 Ke4 47. Kg3 f4+
48. Kf2 f3 49. Kf1 Kd3 50. d5 Kc2 51. d6 Kxb2 52. d7 Ka2 53. d8=Q b2 54. Qd2 Ka1
55. Kf2 b1=Q 56. Kxf3 Qf5+ 57. Ke2 Qg4+ 58. Kf2 Qh4+ 59. Kg2 Qg4+ 60. Kh2 Qh4+
61. Kg2 Qg4+ 62. Kh2 Qh5+ 63. Kg2 Qg6+ 64. Kf2 Qf5+ 65. Ke2 Qg4+ 66. Kf2 Qh4+
67. Kg2 {Nulle par répétition} 1/2-1/2

[Event "Tournament 14472 - Europe Echecs"]
[Site "Europe Echecs"]
[Date "2020.07.10"]
[Round "8"]
[Time "17:48:16"]
[PlyCount "56"]
[White "EvrinSelvam"]
[Black "DevezeArmand"]
[WhiteElo "1882"]
[BlackElo "1425"]
[Mode "WEB"]
[Result "1-0"]

1. e4 d6 2. d4 a6 3. Be3 Nd7 4. f4 e6 5. Nf3 g6 6. Bd3 Ne7 7. O-O Bg7 8. c3 b6
9. Nbd2 Bb7 10. f5 e5 11. fxg6 hxg6 12. Ng5 Nf6 13. Ndf3 Ng4 14. Qe2 Qd7 15.
Nxf7 d5 16. exd5 Nxd5 17. N7xe5 Bxe5 18. Nxe5 Ndxe3 19. Bxg6+ Kd8 20. Nxd7 Rxh2
21. Rf2 Nxf2 22. Qxe3 Rxg2+ 23. Kf1 Kxd7 24. Bf5+ Kd8 25. Re1 Rg1+ 26. Kxg1 Nh3+
27. Bxh3 Bc8 28. Qe7# {DevezeArmand est échec et mat} 1-0

[Event "Tournament 14472 - Europe Echecs"]
[Site "Europe Echecs"]
[Date "2020.07.10"]
[Round "8"]
[Time "17:48:16"]
[PlyCount "131"]
[White "BretonVadim"]
[Black "CheminadePauli"]
[WhiteElo "1669"]
[BlackElo "1306"]
[Mode "WEB"]
[Result "0-1"]

1. e4 e5 2. Nf3 Nc6 3. Bc4 Bc5 4. c3 Nf6 5. d3 a6 6. a3 Ba7 7. O-O d6 8. h3 Be6
9. Bxe6 fxe6 10. Re1 O-O 11. d4 exd4 12. cxd4 e5 13. dxe5 dxe5 14. Nc3 Qxd1 15.
Rxd1 Rad8 16. Bg5 Rxd1+ 17. Rxd1 Rd8 18. Rxd8+ Nxd8 19. Nxe5 Bd4 20. Bxf6 gxf6
21. Ng4 Kg7 22. Kf1 Ne6 23. Ke2 Nc5 24. f3 b5 25. Ne3 Be5 26. Kd2 Nb3+ 27. Kc2
Nd4+ 28. Kd3 c5 29. Ne2 Nxe2 30. Kxe2 Bxb2 31. Nc2 a5 32. Ke3 b4 33. axb4 cxb4
34. Kd3 b3 35. Ne3 Be5 36. Nc4 a4 37. g4 Kg6 38. h4 Bg3 39. h5+ Kg5 40. Kc3 Be5+
41. Kd2 Kf4 42. Kc1 b2+ 43. Kb1 a3 44. Ka2 Bd4 45. Kb1 Kxf3 46. Nxa3 Kxe4 47.
Nc2 Be5 48. Ne1 Kf4 49. Nd3+ Kxg4 50. Nxe5+ fxe5 51. Kxb2 Kxh5 52. Kc2 Kg4 53.
Kd3 Kf4 54. Ke2 h5 55. Kf2 h4 56. Kg2 e4 57. Kf2 h3 58. Kg1 e3 59. Kh2 e2 60.
Kxh3 e1=Q 61. Kg2 Qe3 62. Kh2 Qg3+ 63. Kh1 Qg8 64. Kh2 Kf3 65. Kh1 Qg2# {BretonVadim est échec et mat} 0-1

[Event "Tournament 14472 - Europe Echecs"]
[Site "Europe Echecs"]
[Date "2020.07.10"]
[Round "8"]
[Time "17:48:16"]
[PlyCount "109"]
[White "DelageJonas"]
[Black "BietteAntonin"]
[WhiteElo "1491"]
[BlackElo "1569"]
[Mode "WEB"]
[Result "0-1"]

1. d4 d5 2. c4 dxc4 3. Nc3 Nf6 4. e4 e6 5. Bxc4 Bb4 6. e5 Ne4 7. Qd3 Nxc3 8.
bxc3 Be7 9. Nf3 Nc6 10. Bb3 O-O 11. Bc2 g6 12. h4 h5 13. Ng5 b6 14. g4 hxg4 15.
h5 Bxg5 16. hxg6 Nxe5 17. gxf7+ Rxf7 18. dxe5 Qxd3 19. Bxd3 Bxc1 20. Rxc1 Bb7
21. Rg1 Rg7 22. Bc4 Bd5 23. Bxd5 exd5 24. Kd2 Rf8 25. Rg2 Rf5 26. Re1 Kf7 27.
Re3 Ke6 28. Ke2 Rxe5 29. Rxe5+ Kxe5 30. Ke3 c5 31. f4+ Kf5 32. Rd2 Re7+ 33. Kf2
Kxf4 34. Rxd5 g3+ 35. Kf1 Rg7 36. Kg2 Ke4 37. Rd6 Kf4 38. Rf6+ Ke3 39. Rf3+ Kd2
40. a3 c4 41. a4 Kc2 42. Re3 Kb3 43. a5 bxa5 44. Re5 a4 45. Rb5+ Kxc3 46. Ra5
Kb4 47. Re5 a3 48. Re8 a2 49. Re1 Kb3 50. Kg1 c3 51. Kg2 c2 52. Re3+ Kb2 53. Kh3
a1=Q 54. Kh4 Qh1# {DelageJonas est échec et mat} 0-1

[Event "Tournament 14472 - Europe Echecs"]
[Site "Europe Echecs"]
[Date "2020.07.10"]
[Round "8"]
[Time "17:48:16"]
[PlyCount "99"]
[White "TomasMaureen"]
[Black "GuignardJonath"]
[WhiteElo "1468"]
[BlackElo "1523"]
[Mode "WEB"]
[Result "0-1"]

1. c4 e5 2. Nc3 Nf6 3. g3 d5 4. cxd5 Nxd5 5. Bg2 Be6 6. e3 c5 7. Nge2 Nc6 8. O-O
Be7 9. d4 exd4 10. exd4 c4 11. Nf4 Nxf4 12. Bxf4 O-O 13. d5 Nb4 14. dxe6 Nd3 15.
exf7+ Rxf7 16. Be3 Bf6 17. Bxb7 Rxb7 18. Rb1 Rxb2 19. Rxb2 Nxb2 20. Qxd8+ Rxd8
21. Ne4 Bd4 22. Bxd4 Rxd4 23. Nc5 c3 24. Kg2 c2 25. Rc1 Rc4 26. Nb3 Nd3 27. Ra1
c1=Q 28. Nxc1 Rxc1 29. Rxc1 Nxc1 30. a3 Kf7 31. Kf3 Ke6 32. Ke4 Nb3 33. Kd3 Kd5
34. Kc3 Nd4 35. Kd3 a5 36. f4 a4 37. Kc3 Kc5 38. Kd3 Nb5 39. Kc2 Nxa3+ 40. Kb2
Kb4 41. h4 Nc4+ 42. Ka1 a3 43. g4 Ne3 44. g5 g6 45. Ka2 Nf5 46. Ka1 Nxh4 47. Ka2
Ng2 48. Ka1 Nxf4 49. Ka2 Ne6 {TomasMaureen a abandonné} 0-1

[Event "Tournament 14472 - Europe Echecs"]
[Site "Europe Echecs"]
[Date "2020.07.10"]
[Round "8"]
[Time "17:48:16"]
[PlyCount "106"]
[White "SansoneAdam"]
[Black "EstinCharbonne"]
[WhiteElo "1776"]
[BlackElo "1343"]
[Mode "WEB"]
[Result "1-0"]

1. e4 d5 2. exd5 Nf6 3. d4 Bg4 4. Nf3 Qxd5 5. Be2 Nc6 6. Nc3 Qh5 7. O-O O-O-O 8.
Be3 e5 9. d5 e4 10. Ng5 h6 11. Bxg4+ Nxg4 12. h3 hxg5 13. Qxg4+ Qxg4 14. hxg4
Bd6 15. g3 Ne5 16. Nxe4 Nxg4 17. Bxg5 f6 18. Bd2 f5 19. Ng5 Rde8 20. Nf7 Rh7 21.
Nxd6+ cxd6 22. Rfe1 Reh8 23. Rf1 Nh2 24. Kg2 Nxf1 25. Rxf1 Rh2+ 26. Kf3 R2h5 27.
Bc3 Rg8 28. Kf4 g5+ 29. Kxf5 Rh7 30. Bd4 Rf7+ 31. Kg4 Rff8 32. Bxa7 Rh8 33. Be3
Rhg8 34. Rd1 Kd7 35. Rd3 Rf7 36. Rb3 Kc7 37. Bxg5 Rfg7 38. f4 Kc8 39. Kf3 Kd7
40. g4 Kc8 41. Bf6 Rf7 42. Bd4 Rgf8 43. f5 Kc7 44. f6 Kc8 45. g5 Kc7 46. Kf4 Kc8
47. g6 Rc7 48. f7 Rxc2 49. Rc3+ Rxc3 50. Bxc3 Kc7 51. Bg7 Rc8 52. f8=Q Rxf8+ 53.
Bxf8 {EstinCharbonne a abandonné} 1-0